000 00616nam a2200217Ia 4500
005 20241216010121.0
008 180423s9999||||xx |||||||||||||| ||und||
082 _a379.24
_bF39
100 _aFERREIRO, EMILIA
245 0 _aPROCESO DE ALFABETIZACION LA ALFABETIZACION EN PROCESO
250 _a0
260 _aBUENOS AIRES-ARGENTINA
_bBIBLIOTECAS UNIVERSITARIA
_c1986
300 _a133 pag.
_c21 cm
341 _h0
490 _v0
_a0
505 _aREPRESENTACION-LENGUAJE/PROCESO-ALFABETIZACION (EDUCACION)
541 _aC
_d12-Dec-93
650 _aCIENCIAS SOCIALES
856 _zHumanidades
942 _cLIBRO
999 _c5938
_d5938